00380pab a2200145 454500008004000000100001600040245007200056260000900128300001400137362001100151650002000162700001300182700001900195773002000214180718b2007 xxu||||| |||| 00| 0 eng d aAalok, Asha aVermicomposting: a better option for organic solid waste management c2007 ap.128-30. a29 Oct aWaste treatment aSoni, P. aTripathi, A.K. aUniversity News